| 000 | 00815nam a2200229Ia 4500 | ||
|---|---|---|---|
| 003 | GCL | ||
| 008 | 140319s9999 xx 000 0 ara d | ||
| 020 | _a064235977 | ||
| 040 |
_aGCL / _cGCL |
||
| 082 | 0 | 4 |
_aق _b770.9623 _bم ت |
| 100 | 1 | _aمحمد غيطاس | |
| 245 | 1 | 0 |
_aالتصوير فى بلاد النوبة / _cمحمد غيطاس |
| 260 |
_aالقاهرة : _bالمجلس الاعلى للاثار ، _c1995 |
||
| 300 |
_a229 ص ؛ _c24 سم |
||
| 490 |
_aسلسلة الثقافة الاثرية والتاريخية مشروع المائة كتاب _v26 |
||
| 650 | 0 | 4 | _aالفنون الجميلة |
| 650 | 0 | 4 | _aالتصوير |
| 650 | 0 | 4 | _aالنحت النوبى |
| 650 | 0 | 4 | _aالتصوير - النوبة |
| 650 | 0 | 4 | _aالتصوير - التاثيرات الخاصة |
| 942 |
_2ddc _cBK |
||
| 999 |
_c8587 _d8587 |
||